Leader xxxxxxxxxx
001 __ PCLIS00051139
005 __ 20220114173802.0
010 0_ |a978-986-92614-6-3|b精裝|dNT$360
042 __ |anbim
100 __ |a20170410d2016 cd y0chiy09 e
101 0_ |achi
102 __ |atw
105 __ |aa z 000fy
200 1_ |a帕拉帕拉山的妖怪|f賴馬文.圖
205 __ |a第一版
210 __ |a臺北市|c親子天下|d2016[民105]
215 0_ |a[38]面|c彩圖|d26公分|e1 CD
225 12 |a繪本|v0163
300 __ |a著者本名賴建名
330 __ |a小心妖怪就在你身邊……白豬魯魯從山上滾滾滾,滾下來,一臉慘白。昏倒前喃喃的說:「有……妖……怪。」是什麼妖怪,讓魯魯嚇得「豬」容失色?彈珠村的村民該怎麼辦?整個彈珠村一下子沸騰起來……
333 __ |a3-6歲親子共讀, 7-10歲自己閱讀
606 __ |2cst|a兒童文學
700 _0 |a賴馬|4文.圖
681 __ |a859.6|b833
801 _0 |atw|bLibDipper|c20170410|gCCR
801 _2 |atw|b內湖高中|c20220114|gCCR
|